000 01420nam a22001577a 4500
999 _c517745
_d517745
008 210727b ||||| |||| 00| 0 eng d
100 _aKim, Y. Oh, S.S. and Wang, C.
_927987
245 _aFrom uncoordinated patchworks to a coordinated system: Mers-cov to Covid-19 in Korea
260 _aAmerican Review of Public Administration
300 _a 50(6-7), Aug-Oct, 2020: p.736-742
520 _aSouth Korea has experienced two national public health crises during this decade. The 2015 Middle East respiratory syndrome-coronavirus (MERS-CoV) response’s failure to address coordination problems or authority conflicts provided an opportunity to revise its national disease control system before the 2020 coronavirus disease 2019 (COVID-19) crisis. Our reflection on Korea’s MERS-CoV and COVID-19 responses provides a perspective on public health emergency management. It is difficult to project the scale of an emerging infectious disease in advance because of its contagious nature and ability to cross geographic boundaries. In a national epidemic or global pandemic, a centralized coordination effort at the national level is desirable, rather than fragmented local, city, or regional efforts. – Reproduced
650 _aPublic health emergency management, Lncident Command System, MERS-CoV, COVID-19
_925864
773 _aAmerican Review of Public Administration
906 _aPUBLIC HEALTH
942 _cAR